LINEARIZOVANÝ OBVODOVÝ MODEL TETRÓDY MOSFET

Bibliographic Details
Main Authors: Ostrovský, Milan (Author), Kasprzyk, Miroslav plk. doc. Ing. CSc (Author)
Format: Article
Language:Slovak

MARC

LEADER 00000nab a2200000 a 4500
001 vtls011132291
003 SK-MaSNL
005 20260303151029.0
008 230222|1994 xo |||||||||||||||||slo|
015 |a SNBRB 
035 |a (uuid)db00da1c-98a7-4618-a26c-48eb889ba037 
035 |a (urnnbn)urn:nbn:sk:snk:ar-a09mig 
035 |a urn:nbn:sk:snk-abaa5t 
040 |a SNKBUCL  |b slo  |c SNKBUCL  |e AACR2 
041 0 |a slo 
044 |a xo  |c SK 
100 1 |a Ostrovský, Milan  |4 aut  |9 13004 
245 1 0 |a LINEARIZOVANÝ OBVODOVÝ MODEL TETRÓDY MOSFET  |c Milan Ostrovský, Miroslav Kasprzyk 
700 1 |a Kasprzyk, Miroslav  |c plk. doc. Ing. CSc  |4 aut  |9 446087 
773 0 |t Zborník Vojenskej akadémie Slovenského národného povstania  |g Roč. 1, č. 2 (1994), s. 137-144 
954 |a odborná, vedecká literatúra pôvodná (slovenská)  |2 lita 
958 |a OND 
958 |a EUIPO 
958 |a article13 
999 |c 2015339  |d 2017269